000 01139nam a2200313Ia 4500
003 OSt
005 20221006155959.0
006 a|||||r|||| 00| 0
007 ta
008 221006b |||||||| |||| 00| 0 eng d
020 _a9780824827496
_c
_25.95
024 _a43,974
037 _bGift, Korean Embassy (Window on Korea)
_cTextual
040 _aEASL
_cEASL
_beng
041 _2eng
_aeng
082 _aY15.495.N9, P3
100 _aABELMANN Nancy
_9671303
245 0 _aMelodrama of mobility
_b Women,talk, and class in contemporary south korea
260 _aHonolulu
_bUnivrsity of Hawai'i press UK
_c2003
300 _a325p.
_ccm.
490 _v KEL
650 _a Middle-aged women - Korea - South -
_9671304
650 _a Middle-aged women - Korea - South - Employment
_9671305
650 _a Social classes - Korea - South
_9671306
650 _a Social mobility - Korea - South
_9671307
650 _aMiddle-aged women - Korea - South - Social and economic conditions
_9671308
942 _hY15.495.N9, P3
_cTEXL
_2CC
999 _c1112066
_d1112066